| 000 | 00430nam a2200193Ia 4500 | ||
|---|---|---|---|
| 005 | 20250603145424.0 | ||
| 008 | 250603s9999 xx 000 0 und d | ||
| 020 | _a9780335235650 | ||
| 050 | _aPN 4731 .A45/ | ||
| 100 | _aAllan, Stuart | ||
| 245 | 0 | _aNews culture | |
| 250 | _a3rd ed. | ||
| 260 | _aNew York | ||
| 260 | _bOpen University Press | ||
| 260 | _c2010 | ||
| 300 | _a311 p | ||
| 650 | _aNew York | ||
| 942 | _cBK | ||
| 999 |
_c41813 _d41813 |
||